000 00679nam a2200193 a 4500
001 000025854
005 20200930024112.0
008 110223s1976 ve r 000 0 spa d
040 _aDO-SdBNP
_bspa
_cBNPHU
082 _ann*
_bnn*
100 1 _aRivas T., Jose E.
_952690
245 1 0 _aEn el valle de la paz /
_cJose E. Rivas T.
260 _aMérida, Venezuela :
_bOficial,
_c1976.
300 _a439 p. ;
_c22 cm.
500 _a"Drama histórico sobre la obra del padre Fray Diego de Navarro, agustino, primer misionero y civilizador de Aricagua (Edo. Mérida)".
500 _aIncluye índice alfabético.
700 1 _aOjada de Soto, Rosa Maria,
_etr.
_952687
049 _aBNGR
999 _c25346
_d25346